Martin fierro /

Guardado en:
Autor Principal: Hernández, José
Formato: Libro
Publicado: Argentina : Atl ntida, 1961
Edición:7a. ed.
Series:Bibl. Billiken1
Etiquetas: Agregar Etiqueta
Sin Etiquetas, Sea el primero en etiquetar este registro!
LEADER 00463nam a22001695a 4500
001 CEM.cems003233
005 19000101000000.0
008 130507s1961##################000#0#####d
003 CEMS
082 0 4 |a A861.2 
100 1 |a Hernández, José 
245 1 0 |a Martin fierro /  |c José Hernández 
250 |a 7a. ed. 
260 |a Argentina :  |b Atl ntida,  |c 1961 
300 |a 130 p. 
490 0 |a Bibl. Billiken1 
859 |a CEMS  |b BIB. CEMS - 11 de abril  |h A861.2  |i H43-3a7  |p 4491.75  |t Ej.1